1254 1132 1696 1305 1201 1396 1175 1937 1797 1647 1713 1916 1453 1708 1771 1775 1846 1332 1344 1929 1625 1096 1612 1503 1475 1304 1761 1231 1034 1329 1401 1830 1010 1789 1801 1901 1042 1226 1030 1063 1880 1693 1587 1853 1863 1425 1285 1510 1418 1651 1016 1644 1549 1714 1599 1084 1144 1117 1701 1351 1152 1827 1032 1735 1636 1669 1938 1711 1182 1066 1201 1258 1928 1075 1347 1191 1203 1938 1356 1686 1057 1645 1667 1482 1780 1629 1698 1326 1264 1254 1829 1110 1465 1268 1721 1814 1308 1773 1814 BCNSPRNW ULIB Ver.6.0+V

เปลี่ยนเป็นภาษาไทย

Change to English
 แสดงรายละเอียดบรรณานุกรม
  กลับหน้าหลัก

Brief Record : Get Marc (ISO 2709) : E-mail record : QR code < ปิดหน้าต่าง
LEADER : 00000nam 2200000uu 4500
001    13399121008
003     ULIB
008    121030s2547||||th 000 0 tha d
020    ^a9746138561
050 04 ^aHQ773^bส719ป ล.1
245 00 ^aปัญหาเด็กและเยาวชนกับการส่งเสริมอาชีพ หน่วยที่ 1-7=^bJuvenile problems and creer promotion/^cสาขาวิชาคหกรรมศาสตร์ มหาวิทยาลัยสุโขทัยธรรมาธิราช
250    ^aพิมพ์ครั้งที่ 8
260    ^aนนทบุรี :^bมหาวิทยาลัยสุโขทัยธรรมาธิราช,^c2547
300    ^a562 หน้า :^bภาพประกอบ ;^c30 ซม
650  7 ^aเด็กที่เป็นปัญหา
650  7 ^aเด็ก^xการสังเคราะห์
650  7 ^aเยาวชน^xการสังเคราะห์
650  7 ^aการแนะแนวอาชีพ
945    ^p0^l0^i24372
999 ^a ทศพร
รายการนี้ยังไม่มีแท็ก
คุณยังไม่ได้ล็อกอิน คุณสามารถมีกิจกรรมร่วมกับเว็บไซต์ได้ แต่ต้องล็อกอินก่อน ::
  ล็อกอิน

รายการสื่อสารสนเทศ

ลำดับที่ ประเภท เลขเรียก/บาร์โค้ด สถานที่ สถานะ
1. วิทยาศาสตร์การแพทย์ และสุขภาพ
วิทยาศาสตร์การแพทย์ และสุขภาพ
HQ773 ส719ป ล.1 ฉ.1 
  Barcode: 24372
ห้องสมุดวิทยาเขตสวรรค์ประชารักษ์
►หนังสือทั่วไป
บนชั้น

รายการใกล้เคียง
    หัวเรื่อง [เด็กที่เป็นปัญหา]
    หัวเรื่อง [การแนะแนวอาชีพ]

BibComment


ยังไม่เคยถูกคอมเมนท์

คอมเมนท์ทรัพยากรรายการนี้
  คอมเมนท์: ปัญหาเด็กและเยาว..


 Copyright 2026. Bcnsprnw @Library